1663 1071 1280 1635 1371 1765 1829 1200 1671 1615 1652 1255 1555 1051 1030 1931 1494 1816 1344 1523 1162 1221 1054 1349 1502 1347 1474 1862 1345 1970 1431 1067 1903 1699 1334 1963 1510 1488 1605 1289 1802 1262 1239 1305 1037 1959 1176 1392 1909 1326 1312 1739 1473 1386 1064 1185 1312 1142 1571 1135 1724 1076 1120 1979 1560 1272 1595 1695 1238 1145 1758 1169 1779 1622 1760 1959 1851 1382 1505 1000 1667 1939 1283 1329 1716 1825 1806 1543 1305 1935 1921 1547 1930 1743 1291 1500 1014 1219 1072 BCNSPRNW ULIB Ver.6.0+V

เปลี่ยนเป็นภาษาไทย

Change to English
 แสดงรายละเอียดบรรณานุกรม
  กลับหน้าหลัก

Brief Record : Get Marc (ISO 2709) : E-mail record : QR code < ปิดหน้าต่าง
LEADER : 00000nam 2200000uu 4500
001    13399120619
003     ULIB
008    120928s2545||||th 000 0 tha d
020    ^a9742948526
020    ^a9789742948528
060 04 ^aWY152^bบ573ก 2545
245 00 ^aการพยาบาลผู้สูงอายุ /^cบรรณาธิการ, บุญศรี นุเกตุ,ปาลีรัตน์ พรทวีกัณทา และคณะ
250    ^aพิมพ์ครั้งที่ 1
260    ^aนนทบุรี :^bโครงการสวัสดิการวิชาการ สถาบันพระบรมราชชนก,^c2545
300    ^a[8], 243 หน้า :^bภาพประกอบ :^c26 ซม.
504    ^aดรรชนี
650  7 ^aการพยาบาลผู้สูงอายุ
650  7 ^aโรคเรื้อรัง
650  7 ^aผู้สูงอายุ
700 0  ^aบุญศรี นุเกตุ,^eบรรณาธิการ
700 0  ^aปาลีรัตน์ พรทวีกัณทา,^eบรรณาธิการ
710 2  ^aสถาบันพระบรมราชชนก. ^bโครงการสวัสดิการวิชาการ
945    ^p170^l0^i12010
945    ^p170^l0^i12008
945    ^p170^l0^i12013
945    ^p170^l0^i12014
945    ^p170^l0^i12009
945    ^p170^l0^i12012
945    ^p170^l0^i13896
945    ^p170^l0^i12017
945    ^p170^l0^i12016
945    ^p170^l0^i12011
995    ^aทศพร
999 ^a ใช้งานได้ทุกระบบ
รายการนี้ยังไม่มีแท็ก
คุณยังไม่ได้ล็อกอิน คุณสามารถมีกิจกรรมร่วมกับเว็บไซต์ได้ แต่ต้องล็อกอินก่อน ::
  ล็อกอิน

รายการสื่อสารสนเทศ

ลำดับที่ ประเภท เลขเรียก/บาร์โค้ด สถานที่ สถานะ
1. วิทยาศาสตร์การแพทย์ และสุขภาพ
วิทยาศาสตร์การแพทย์ และสุขภาพ
WY152 บ573ก 2545  
  Barcode: 12010
ห้องสมุดวิทยาเขตสวรรค์ประชารักษ์
►หนังสือทั่วไป
บนชั้น
2. วิทยาศาสตร์การแพทย์ และสุขภาพ
วิทยาศาสตร์การแพทย์ และสุขภาพ
WY152 บ573ก 2545 ฉ.10 
  Barcode: 12011
ห้องสมุดวิทยาเขตสวรรค์ประชารักษ์
►หนังสือทั่วไป
บนชั้น
3. วิทยาศาสตร์การแพทย์ และสุขภาพ
วิทยาศาสตร์การแพทย์ และสุขภาพ
WY152 บ573ก 2545 ฉ.2 
  Barcode: 12008
ห้องสมุดวิทยาเขตสวรรค์ประชารักษ์
►หนังสือทั่วไป
บนชั้น
4. วิทยาศาสตร์การแพทย์ และสุขภาพ
วิทยาศาสตร์การแพทย์ และสุขภาพ
WY152 บ573ก 2545 ฉ.3 
  Barcode: 12013
ห้องสมุดวิทยาเขตสวรรค์ประชารักษ์
►หนังสือทั่วไป
บนชั้น
5. วิทยาศาสตร์การแพทย์ และสุขภาพ
วิทยาศาสตร์การแพทย์ และสุขภาพ
WY152 บ573ก 2545 ฉ.4 
  Barcode: 12014
ห้องสมุดวิทยาเขตสวรรค์ประชารักษ์
►หนังสือทั่วไป
บนชั้น
6. วิทยาศาสตร์การแพทย์ และสุขภาพ
วิทยาศาสตร์การแพทย์ และสุขภาพ
WY152 บ573ก 2545 ฉ.5 
  Barcode: 12009
ห้องสมุดวิทยาเขตสวรรค์ประชารักษ์
►หนังสือทั่วไป
บนชั้น
7. วิทยาศาสตร์การแพทย์ และสุขภาพ
วิทยาศาสตร์การแพทย์ และสุขภาพ
WY152 บ573ก 2545 ฉ.6 
  Barcode: 12012
ห้องสมุดวิทยาเขตสวรรค์ประชารักษ์
►หนังสือทั่วไป
บนชั้น
8. วิทยาศาสตร์การแพทย์ และสุขภาพ
วิทยาศาสตร์การแพทย์ และสุขภาพ
WY152 บ573ก 2545 ฉ.7 
  Barcode: 13896
ห้องสมุดวิทยาเขตสวรรค์ประชารักษ์
►หนังสือทั่วไป
บนชั้น
9. วิทยาศาสตร์การแพทย์ และสุขภาพ
วิทยาศาสตร์การแพทย์ และสุขภาพ
WY152 บ573ก 2545 ฉ.8 
  Barcode: 12017
ห้องสมุดวิทยาเขตสวรรค์ประชารักษ์
►หนังสือทั่วไป
บนชั้น
10. วิทยาศาสตร์การแพทย์ และสุขภาพ
วิทยาศาสตร์การแพทย์ และสุขภาพ
WY152 บ573ก 2545 ฉ.9 
  Barcode: 12016
ห้องสมุดวิทยาเขตสวรรค์ประชารักษ์
►หนังสือทั่วไป
บนชั้น

รายการใกล้เคียง
    หัวเรื่อง [การพยาบาลผู้สูงอายุ]
    หัวเรื่อง [โรคเรื้อรัง]
    หัวเรื่อง [ผู้สูงอายุ]

BibComment


ยังไม่เคยถูกคอมเมนท์

คอมเมนท์ทรัพยากรรายการนี้
  คอมเมนท์: การพยาบาลผู้สูงอ..


 Copyright 2026. Bcnsprnw @Library